000 00441nam a2200181Ia 4500
005 20250423100600.0
008 250422s9999 xx 000 0 und d
020 _a9781119233367
050 _aRC 667 .H36/
100 _aHanna, Elias B.
245 0 _aPractical cardiovascular medicine
260 _aNew Jersey
260 _bJohn Wiley & Sons
260 _c2017
300 _a801 p
650 _aCardiovascular Diseases
942 _cBK
999 _c33743
_d33743